[Event "4NCL/Div3/BRI2 vs. WES2"]
[Site "West Bromwich ENG"]
[Date "2004.01.25"]
[Round "4.7"]
[White "Djabri, Kathy"]
[Black "Gregory, Keith D"]
[Result "1/2-1/2"]
[WhiteElo "2042"]
[BlackElo "2096"]
[PlyCount "53"]
[EventDate "2004.01.25"]

1. e4 g6 2. Nc3 d6 3. g3 Bg7 4. Bg2 c5 5. d3 Nc6 6. Be3 Rb8 7. Qd2 b5 8. Nge2
Nd4 9. O-O h5 10. h4 Nh6 11. f3 Bd7 12. Nf4 a5 13. Nd1 b4 14. c3 Nb5 15. Ne2
Kf8 16. Nf2 Kg8 17. Nh3 Qc8 18. Kh2 f6 19. Nhf4 Kh7 20. Nd5 Re8 21. Rac1 Nc7
22. Nxc7 Qxc7 23. d4 c4 24. d5 Nf7 25. f4 Nh6 26. Bf3 Bg4 27. Nd4 1/2-1/2

[Event "4NCL/Div3/BRI2 vs. WES2"]
[Site "West Bromwich ENG"]
[Date "2004.01.25"]
[Round "4.8"]
[White "Norman, Dinah"]
[Black "Humphreys, Jerry"]
[Result "1/2-1/2"]
[WhiteElo "2022"]
[BlackElo "2073"]
[PlyCount "109"]
[EventDate "2004.01.25"]

1. d4 Nf6 2. Nf3 e6 3. Bg5 h6 4. Bxf6 Qxf6 5. e4 c5 6. c3 cxd4 7. cxd4 Bb4+ 8.
Nc3 O-O 9. Bd3 d6 10. O-O Nc6 11. Bc2 Rd8 12. Qd3 Bxc3 13. bxc3 e5 14. d5 Ne7
15. Nd2 Ng6 16. Qg3 b6 17. Rfe1 Ba6 18. c4 Rdc8 19. Bd3 Rc7 20. Rac1 Qf4 21.
Nf1 Rac8 22. Ne3 b5 23. Nf5 bxc4 24. Bf1 Qxg3 25. hxg3 Rd8 26. Rc3 Ne7 27.
Nxe7+ Rxe7 28. Ra3 Bb5 29. Rb1 a6 30. Rc3 Rc7 31. Rb4 Rdc8 32. a4 Bd7 33. Rbxc4
Rxc4 34. Rxc4 a5 35. Rxc8+ Bxc8 36. Bc4 Kf8 37. Kf1 Ke7 38. Ke2 Kd7 39. Bd3 Kc7
40. Kd2 Bd7 41. Bc2 Kb6 42. Kc3 Kc5 43. Bd1 f5 44. f3 fxe4 45. fxe4 Be8 46. g4
Bd7 47. g5 hxg5 48. g3 Be8 49. Bb3 Bh5 50. Bc4 Bf3 51. Bd3 Kb6 52. Bc2 Be2 53.
Kd2 Bc4 54. Kc3 Kc5 55. Bd1 1/2-1/2

[Event "4NCL/Div3/SWD2 vs. SLO2"]
[Site "West Bromwich ENG"]
[Date "2004.03.27"]
[Round "5.1"]
[White "Kett, Timothy"]
[Black "Jones, Gawain C B"]
[Result "0-1"]
[WhiteElo "2180"]
[BlackElo "2387"]
[PlyCount "72"]
[EventDate "2004.03.27"]

1. d4 Nf6 2. Nf3 c5 3. e3 b6 4. Bd3 g6 5. O-O Bg7 6. b3 O-O 7. Bb2 Bb7 8. Nbd2
Nc6 9. a3 d6 10. Qe2 Qc7 11. c4 e5 12. d5 Ne7 13. Nh4 Rae8 14. Rae1 Bc8 15. h3
g5 16. Nhf3 h6 17. Nh2 h5 18. f4 g4 19. fxe5 dxe5 20. Rxf6 Bxf6 21. Ne4 Bg7 22.
d6 Qd8 23. dxe7 Rxe7 24. Ng3 Rd7 25. Rd1 e4 26. Nxe4 Bxb2 27. Qxb2 f5 28. Qe5
Rxd3 29. Rxd3 Qxd3 30. Nf6+ Rxf6 31. Qxf6 Qxe3+ 32. Kf1 g3 33. Qg6+ Kf8 34.
Qf6+ Ke8 35. Qc6+ Bd7 36. Qg6+ Kd8 0-1

[Event "4NCL/Div3/SWD2 vs. SLO2"]
[Site "West Bromwich ENG"]
[Date "2004.03.27"]
[Round "5.2"]
[White "Sujoldzic, Dino"]
[Black "May, Frank"]
[Result "0-1"]
[WhiteElo "2184"]
[BlackElo "2146"]
[PlyCount "88"]
[EventDate "2004.03.27"]

1. d4 d5 2. c4 e6 3. Nc3 c6 4. Nf3 dxc4 5. a4 Bb4 6. e4 b5 7. Qc2 Bb7 8. Be2 a6
9. O-O Nf6 10. Bg5 h6 11. Bh4 Nbd7 12. Ne5 Qb6 13. Nxd7 Nxd7 14. Rfd1 O-O 15.
Bg4 c5 16. d5 Ne5 17. Be2 Bxc3 18. Qxc3 Ng6 19. Bg3 exd5 20. exd5 f5 21. a5 Qf6
22. Qxf6 Rxf6 23. Bc7 Nf8 24. Be5 Rf7 25. f4 Rd8 26. d6 Be4 27. Ra3 Rfd7 28. g4
Ne6 29. gxf5 Bxf5 30. Rg3 Nd4 31. Kf2 g6 32. Bg4 Kf7 33. Rdg1 Rxd6 34. Bxd6
Rxd6 35. Re3 Bxg4 36. Rxg4 Nf5 37. Re2 Rd3 38. Rg1 Nd4 39. Re5 Rd2+ 40. Kg3
Ne2+ 41. Rxe2 Rxe2 42. Rb1 Re3+ 43. Kg4 Rb3 44. Rd1 Rxb2 0-1

[Event "4NCL/Div3/SWD2 vs. SLO2"]
[Site "West Bromwich ENG"]
[Date "2004.03.27"]
[Round "5.3"]
[White "Sully, David"]
[Black "Richmond, Robert J"]
[Result "0-1"]
[WhiteElo "2119"]
[BlackElo "2207"]
[PlyCount "94"]
[EventDate "2004.03.27"]

1. d4 Nf6 2. Nc3 d5 3. Bg5 e6 4. e4 Be7 5. e5 Nfd7 6. Bxe7 Qxe7 7. f4 a6 8. Nf3
c5 9. Qd2 Nc6 10. O-O-O b5 11. dxc5 Nxc5 12. Bd3 b4 13. Ne2 a5 14. Ned4 Nxd4
15. Nxd4 O-O 16. Kb1 Ba6 17. Qe3 Rfc8 18. f5 Bxd3 19. cxd3 Nd7 20. Rhf1 Kh8 21.
f6 gxf6 22. exf6 Qd6 23. Qh6 Rg8 24. Nf3 Rg6 25. Qh4 Rag8 26. g3 e5 27. Rde1 a4
28. Qh5 e4 29. dxe4 dxe4 30. Rd1 Qe6 31. Rxd7 Qxd7 32. Ne5 Qe6 33. Nxg6+ Rxg6
34. Qc5 a3 35. Qxb4 axb2 36. Qxb2 h6 37. h4 Kh7 38. Qc3 e3 39. Re1 Rxg3 40.
Qd3+ Kg8 41. Qd8+ Kh7 42. Qe7 Qb6+ 43. Kc1 Qc6+ 44. Kb1 Qb5+ 45. Ka1 Qd5 46.
Qb4 Kg6 47. Qf4 Rg2 0-1

[Event "4NCL/Div3/SWD2 vs. SLO2"]
[Site "West Bromwich ENG"]
[Date "2004.03.27"]
[Round "5.4"]
[White "Lutton, J Ezra"]
[Black "Cast, Abigail"]
[Result "1-0"]
[WhiteElo "2138"]
[BlackElo "2094"]
[PlyCount "55"]
[EventDate "2004.03.27"]

1. Nc3 d5 2. e4 e6 3. d4 Nf6 4. Bg5 Be7 5. e5 Nfd7 6. Bxe7 Qxe7 7. f4 a6 8. Nf3
c5 9. Qd2 Nc6 10. Be2 f6 11. exf6 Nxf6 12. O-O-O O-O 13. dxc5 Qxc5 14. Ne5 b5
15. Nxc6 Qxc6 16. Qd4 Bd7 17. g4 Rab8 18. g5 Ne8 19. Bd3 Nd6 20. Qe5 Nc4 21.
Bxh7+ Kh8 22. Qe2 Kxh7 23. Qh5+ Kg8 24. g6 Rfc8 25. f5 Kf8 26. f6 gxf6 27. Qh7
Ne5 28. g7+ 1-0

[Event "4NCL/Div3/SWD2 vs. SLO2"]
[Site "West Bromwich ENG"]
[Date "2004.03.27"]
[Round "5.5"]
[White "Brown, Alan M"]
[Black "Linford, Charles M"]
[Result "1-0"]
[WhiteElo "2113"]
[BlackElo "2179"]
[PlyCount "71"]
[EventDate "2004.03.27"]

1. d4 Nf6 2. c4 e6 3. Nc3 Bb4 4. Qc2 O-O 5. Nf3 b6 6. Bg5 Bb7 7. e3 h6 8. Bh4
d6 9. Be2 Nbd7 10. O-O Bxc3 11. Qxc3 g5 12. Bg3 Ne4 13. Qc2 f5 14. Bd3 Qe7 15.
Nd2 Nxd2 16. Qxd2 Qg7 17. f3 Nf6 18. Rae1 h5 19. e4 h4 20. Bf2 h3 21. g3 g4 22.
exf5 Bxf3 23. Rxe6 d5 24. Be3 Kh7 25. Bh6 Qxh6 26. Re7+ Qg7 27. Rxg7+ Kxg7 28.
Re1 Kf7 29. Qh6 Rg8 30. Re6 Ne8 31. Qh4 Rg7 32. Re7+ Kf8 33. Rxg7 Kxg7 34. Qg5+
Kf7 35. Qg6+ Ke7 36. Qe6+ 1-0

[Event "4NCL/Div3/SWD2 vs. SLO2"]
[Site "West Bromwich ENG"]
[Date "2004.03.27"]
[Round "5.6"]
[White "Mulligan, Stephen"]
[Black "Powell, Lloyd"]
[Result "1-0"]
[WhiteElo "2168"]
[BlackElo "1992"]
[PlyCount "101"]
[EventDate "2004.03.27"]

1. d4 Nf6 2. Nf3 g6 3. g3 Bg7 4. Bg2 O-O 5. O-O c5 6. c4 cxd4 7. Nxd4 Nc6 8.
Nc3 Nxd4 9. Qxd4 d6 10. Qd3 a6 11. Bd2 Rb8 12. a4 Be6 13. b3 Qb6 14. Rab1 Rfc8
15. h3 Qd8 16. Rfc1 Qd7 17. Kh2 Qd8 18. e4 Nd7 19. Qe2 Nc5 20. Nd5 h6 21. Bc3
Bxd5 22. exd5 Rc7 23. Bxg7 Kxg7 24. Rc3 a5 25. Re3 b6 26. Re1 Rbb7 27. h4 h5
28. Qb2+ Kg8 29. Bh3 Qf8 30. Qe2 Qg7 31. Qd2 Kf8 32. Rf3 Kg8 33. Qf4 Ra7 34. g4
hxg4 35. Bxg4 Ra8 36. h5 g5 37. Qf5 f6 38. Qc2 Kh8 39. Rfe3 Kg8 40. Kg2 Re8 41.
Bf5 Kh8 42. R1e2 Rb8 43. Qd1 Kg8 44. Qe1 Rbb7 45. Rg3 Qh6 46. f4 Kh8 47. fxg5
fxg5 48. Qa1+ Qf6 49. Qxf6+ exf6 50. Re8+ Kg7 51. h6+ 1-0

[Event "4NCL/Div3/SWD2 vs. SLO2"]
[Site "West Bromwich ENG"]
[Date "2004.03.27"]
[Round "5.7"]
[White "Adams, Mark A"]
[Black "Roberson, Peter T"]
[Result "1-0"]
[WhiteElo "1973"]
[BlackElo "2102"]
[PlyCount "117"]
[EventDate "2004.03.27"]

1. e4 d6 2. d4 Nf6 3. Nc3 c6 4. Nf3 Bg4 5. Be2 e6 6. O-O d5 7. Ng5 Bxe2 8. Qxe2
Be7 9. Qd3 h6 10. Nf3 O-O 11. Re1 Bb4 12. e5 Nfd7 13. a3 Be7 14. Ne2 c5 15. c4
dxc4 16. Qxc4 Nc6 17. Be3 Rc8 18. Qb5 Qc7 19. Rac1 a6 20. Qd3 Rfd8 21. Qe4 Qb6
22. Qg4 Kh7 23. Qh5 Rf8 24. d5 Ncb8 25. d6 Bd8 26. b4 Qb5 27. Ng3 Qd3 28. bxc5
Qxa3 29. Ne4 Qd3 30. Ng3 b6 31. Red1 Qa3 32. Ra1 Qb3 33. Nd4 Qd5 34. Ndf5 Qxe5
35. Bd4 Qf4 36. Ne7 Bxe7 37. dxe7 Rfe8 38. Be3 Qf6 39. cxb6 Qxe7 40. Qa5 Nc5
41. Qa2 Kg8 42. Rac1 Rc6 43. Rd4 Qb7 44. Rg4 Ncd7 45. Rxc6 Qxc6 46. Bxh6 g6 47.
Qb2 e5 48. Be3 Re6 49. b7 Qd5 {=} 50. Rb4 f5 51. Ba7 f4 52. Nf1 Re8 53. Bxb8
Rxb8 54. Qc2 Qd6 55. Rc4 Nf8 56. Rc7 Qd8 {=} 57. Qc4+ Kh8 58. Qf7 Ne6 59. Qh7#
1-0

[Event "4NCL/Div3/SWD2 vs. SLO2"]
[Site "West Bromwich ENG"]
[Date "2004.03.27"]
[Round "5.8"]
[White "Barraclough, Stephanie"]
[Black "Blackburn, Sandra G"]
[Result "0-1"]
[WhiteElo "1552"]
[BlackElo "1392"]
[PlyCount "128"]
[EventDate "2004.03.27"]

1. e4 g6 2. Nf3 Bg7 3. g3 d6 4. Bg2 Nf6 5. d3 O-O 6. O-O c5 7. Nc3 Nc6 8. Bf4
Nh5 9. Be3 Bg4 10. h3 Bxf3 11. Bxf3 Rb8 12. Bxh5 gxh5 13. Qxh5 e6 14. Bh6 Qf6
15. Bxg7 Qxg7 16. Qg4 Nd4 17. Qxg7+ Kxg7 18. Rac1 b5 19. Kg2 b4 20. Nb1 Ne2 21.
Rce1 Nd4 22. c3 bxc3 23. bxc3 Nc6 24. Re2 Rb6 25. Na3 d5 26. f4 Rfb8 27. Ref2
Rb2 28. Rxb2 Rxb2+ 29. Rf2 Rb8 30. Rd2 Kg6 31. f5+ Kf6 32. g4 h6 33. Kg3 Ne7
34. Re2 Nc6 35. Kf4 e5+ 36. Kf3 d4 37. c4 Nb4 38. Rb2 Rb6 39. Ke2 Kg5 40. Nb5
Ra6 41. a3 Nc6 42. Nd6 f6 43. Nf7+ Kh4 44. Nxh6 Rxa3 45. Ng8 Nb4 46. Nxf6 Nxd3
47. Rd2 Nf4+ 48. Ke1 Nxh3 49. Nd7 Kxg4 50. Nxe5+ Kg5 51. Nd3 Ra1+ 52. Rd1 Ra5
53. Rd2 Kf6 54. Ke2 Ng5 55. Nf2 Ke5 56. Kf1 Ra1+ 57. Kg2 Ra3 58. Re2 Nf7 59.
Rd2 Nd6 60. Rc2 Kf4 61. Rc1 Ra2 62. Kg1 {=} 62... Ra3 63. Kg2 Rg3+ 64. Kf1 Nxe4
0-1

[Event "4NCL/Div3/WGR3 vs. GUI3"]
[Site "West Bromwich ENG"]
[Date "2004.03.27"]
[Round "5.1"]
[White "Pokorna, Regina"]
[Black "Frostick, Clive A"]
[Result "1-0"]
[WhiteElo "2390"]
[BlackElo "2162"]
[PlyCount "83"]
[EventDate "2004.03.27"]

1. e4 c5 2. Nc3 e6 3. g3 d5 4. Bg2 Nf6 5. d3 dxe4 6. dxe4 Qxd1+ 7. Nxd1 Nc6 8.
Ne3 Bd7 9. Bd2 Be7 10. O-O-O O-O-O 11. Nh3 h6 12. f4 e5 13. Nf2 exf4 14. gxf4
Nd4 15. e5 Nh5 16. Nd5 Bh4 17. Ne4 Bg4 18. Nd6+ Rxd6 19. exd6 Bxd1 20. Bh3+ Ne6
21. Rxd1 Rd8 22. Bc3 Rxd6 23. Be5 Rd7 24. f5 Ng5 25. Bg4 Nf6 26. Nxf6 gxf6 27.
Bxf6 Rxd1+ 28. Kxd1 Nf3 29. Bxh4 Nxh4 30. Ke2 Ng2 31. Bf3 Nf4+ 32. Ke3 Nh3 33.
Bg2 Ng5 34. h4 Nh7 35. Kf4 Nf6 36. Ke5 Ng4+ 37. Kd6 Ne3 38. Be4 Kd8 39. Kxc5
Kc7 40. Kd4 Ng4 41. Bf3 Nf6 42. Bd5 1-0

[Event "4NCL/Div3/WGR3 vs. GUI3"]
[Site "West Bromwich ENG"]
[Date "2004.03.27"]
[Round "5.2"]
[White "Briscoe, Christopher"]
[Black "Lee, Graham D"]
[Result "0-1"]
[WhiteElo "2192"]
[BlackElo "2329"]
[PlyCount "82"]
[EventDate "2004.03.27"]

1. e4 c6 2. d4 d5 3. e5 Bf5 4. Nf3 e6 5. Be2 Bg4 6. O-O Qb6 7. c4 Bxf3 8. Bxf3
dxc4 9. Na3 Bxa3 10. bxa3 Ne7 11. Be4 Nd7 12. a4 Rd8 13. Rb1 Qa6 14. Qg4 g6 15.
Bg5 Nb6 16. Qh4 Rd7 17. Bf6 Rf8 18. Qxh7 Rxd4 19. Bxe7 Kxe7 20. Qh4+ g5 21.
Qxg5+ Ke8 22. Rfd1 Rxd1+ 23. Rxd1 Nd5 24. h4 Qxa4 25. Rb1 b6 26. Kh2 c3 27. f3
Qxa2 28. h5 Qd2 29. Qxd2 cxd2 30. Bxd5 cxd5 31. g4 Kd7 32. Rd1 a5 33. Rxd2 a4
34. f4 Rh8 35. Kg3 b5 36. f5 a3 37. g5 Rxh5 38. Kg4 Rh1 39. g6 exf5+ 40. Kxf5
fxg6+ 41. Kxg6 Ke6 0-1

[Event "4NCL/Div3/WGR3 vs. GUI3"]
[Site "West Bromwich ENG"]
[Date "2004.03.27"]
[Round "5.3"]
[White "Maduekwe, Chiedu"]
[Black "Norman, Kenneth I"]
[Result "0-1"]
[WhiteElo "2127"]
[BlackElo "2155"]
[PlyCount "72"]
[EventDate "2004.03.27"]

1. d4 Nf6 2. c4 g6 3. Nc3 d5 4. cxd5 Nxd5 5. e4 Nxc3 6. bxc3 Bg7 7. Nf3 c5 8.
Be3 Qa5 9. Qd2 O-O 10. Rc1 Rd8 11. d5 e6 12. c4 Qxd2+ 13. Nxd2 b6 14. Be2 Na6
15. O-O Nb4 16. a3 Na2 17. Rc2 Nc3 18. Bf3 exd5 19. cxd5 Ba6 20. Rfc1 Ne2+ 21.
Bxe2 Bxe2 22. a4 Bd3 23. Ra2 c4 24. f3 c3 25. Nb1 Rac8 26. g4 Rd7 27. Na3 f5
28. gxf5 gxf5 29. exf5 Bxf5 30. Nb5 Rxd5 31. Nxa7 Re8 32. Bxb6 Rd2 33. Ra3 Ree2
34. Nb5 Rg2+ 35. Kh1 Rxh2+ 36. Kg1 Rdg2+ 0-1

[Event "4NCL/Div3/WGR3 vs. GUI3"]
[Site "West Bromwich ENG"]
[Date "2004.03.27"]
[Round "5.4"]
[White "Punnett, Alan K"]
[Black "Cutmore, Martin J"]
[Result "1-0"]
[WhiteElo "2139"]
[BlackElo "2120"]
[PlyCount "95"]
[EventDate "2004.03.27"]

1. e4 c5 2. Nc3 Nc6 3. g3 g6 4. Bg2 Bg7 5. d3 d6 6. Be3 e5 7. Qd2 Nge7 8. Bh6
Bxh6 9. Qxh6 Nd4 10. Qd2 Bg4 11. h3 Be6 12. Nd5 Nxd5 13. exd5 Bd7 14. c3 Nf5
15. Ne2 h5 16. O-O-O Qa5 17. Kb1 O-O-O 18. Qg5 Nh6 19. Rhe1 Bf5 20. Ka1 Qb5 21.
Nc1 Qd7 22. f4 exf4 23. Re7 Qa4 24. Rde1 fxg3 25. Qxg3 Rhf8 26. Nb3 Qb5 27. c4
Qb6 28. d4 Bd7 29. dxc5 dxc5 30. Qf2 Nf5 31. R7e2 Nd4 32. Nxd4 cxd4 33. c5 Qb4
34. a3 Qa4 35. Re7 Bf5 36. Qf4 Rd7 37. Rxd7 Bxd7 38. Rc1 d3 39. Qe3 Bb5 40. c6
bxc6 41. dxc6 Rd8 42. c7 Re8 43. Qxe8+ Bxe8 44. Bb7+ Kxb7 45. c8=Q+ Kb6 46.
Qc5+ Kb7 47. Qc7+ Ka6 48. Qd6+ 1-0

[Event "4NCL/Div3/WGR3 vs. GUI3"]
[Site "West Bromwich ENG"]
[Date "2004.03.27"]
[Round "5.5"]
[White "Hasman, Cengiz"]
[Black "Stimpson, Philip M"]
[Result "1-0"]
[WhiteElo "2032"]
[BlackElo "2123"]
[PlyCount "77"]
[EventDate "2004.03.27"]

1. d4 Nf6 2. c4 e5 3. dxe5 Ng4 4. Nf3 Nc6 5. Bf4 Bb4+ 6. Nc3 Bxc3+ 7. bxc3 Qe7
8. Qd5 f6 9. exf6 Nxf6 10. Qd3 d6 11. e3 O-O 12. Bg5 h6 13. Bh4 g5 14. Qg6+ Qg7
15. Qxg7+ Kxg7 16. Bg3 Ne4 17. Rc1 h5 18. h3 g4 19. Nd4 Nxg3 20. fxg3 Ne5 21.
Be2 a6 22. hxg4 hxg4 23. e4 c5 24. Nc2 b5 25. Ne3 Be6 26. Rd1 Rad8 27. cxb5
axb5 28. Bxb5 Bxa2 29. Nf5+ Kg8 30. Ke2 Bc4+ 31. Bxc4+ Nxc4 32. Rh4 Ne5 33.
Nh6+ Kg7 34. Rdh1 Rde8 35. Nf5+ Rxf5 36. Rh7+ Kf8 37. exf5 Ng6+ 38. Kd3 Ne5+
39. Kc2 1-0

[Event "4NCL/Div3/WGR3 vs. GUI3"]
[Site "West Bromwich ENG"]
[Date "2004.03.27"]
[Round "5.6"]
[White "Shepley, Julien M"]
[Black "Cutmore, David A"]
[Result "1-0"]
[WhiteElo "2112"]
[BlackElo "2102"]
[PlyCount "95"]
[EventDate "2004.03.27"]

1. d4 Nf6 2. c3 d6 3. Nf3 Nc6 4. Bg5 Ne4 5. Bf4 e6 6. Nbd2 Nf6 7. e4 Nh5 8. Bg3
Nxg3 9. hxg3 g6 10. Bd3 Bg7 11. Qe2 a6 12. a4 Qe7 13. Nc4 Bd7 14. O-O Na7 15.
a5 Bb5 16. Rfe1 O-O 17. Ne3 Bxd3 18. Qxd3 c5 19. d5 e5 20. g4 Nb5 21. g3 Rfb8
22. Nc4 Qd7 23. Nh2 Ra7 24. Qe3 Nc7 25. Kg2 Ne8 26. b4 Qb5 27. Na3 Qd7 28. bxc5
Raa8 29. Nc4 Qc7 30. Nb6 Ra7 31. cxd6 Nxd6 32. g5 Nb5 33. c4 Nd4 34. Ra2 Bf8
35. Ng4 Bc5 36. Nf6+ Kf8 37. Nfd7+ Kg7 38. Nxc5 Qxc5 39. Nd7 Qxc4 40. Nxe5 Qb4
41. Rd1 Nb5 42. Qf4 Qe7 43. Ng4 Rd8 44. Nf6 Nc3 45. Rh1 Rh8 46. Rc2 Nb5 47. Qh4
Qb4 48. Qh6# 1-0

[Event "4NCL/Div3/WGR3 vs. GUI3"]
[Site "West Bromwich ENG"]
[Date "2004.03.27"]
[Round "5.7"]
[White "Hillman, Jamie O"]
[Black "Hill, David F"]
[Result "0-1"]
[WhiteElo "1972"]
[BlackElo "2049"]
[PlyCount "78"]
[EventDate "2004.03.27"]

1. d4 e6 2. e3 b6 3. f4 Nf6 4. Nf3 Be7 5. Bd3 Ba6 6. O-O Bxd3 7. cxd3 c5 8. Nc3
Nc6 9. dxc5 bxc5 10. Ne5 Qc7 11. Qf3 d5 12. Nxc6 Qxc6 13. e4 O-O 14. f5 d4 15.
Ne2 exf5 16. Qxf5 c4 17. e5 cxd3 18. Nf4 Qe4 19. Nxd3 Qxf5 20. Rxf5 Nd5 21. Bd2
Rac8 22. Rf2 Nb6 23. Rc1 Rxc1+ 24. Bxc1 Rc8 25. Re2 Nd5 26. a3 f5 27. Kf2 Rc6
28. Kf3 Kf7 29. Nf4 Nxf4 30. Bxf4 g5 31. Bg3 Ke6 32. Bf2 Rc4 33. h3 h5 34. Be1
h4 35. g3 d3 36. Rd2 g4+ 37. hxg4 fxg4+ 38. Kg2 h3+ 39. Kh2 Rc2 0-1

[Event "4NCL/Div3/WGR3 vs. GUI3"]
[Site "West Bromwich ENG"]
[Date "2004.03.27"]
[Round "5.8"]
[White "Morris, Claire H"]
[Black "Kikoyo, Ali"]
[Result "1-0"]
[WhiteElo "1616"]
[BlackElo "1768"]
[PlyCount "82"]
[EventDate "2004.03.27"]

1. e4 c5 2. Nf3 Nc6 3. d4 cxd4 4. Nxd4 d6 5. Nc3 e6 6. Be3 Nf6 7. Be2 Be7 8. f4
a6 9. Qd2 Qc7 10. g4 Nxd4 11. Bxd4 e5 12. Be3 Bxg4 13. O-O-O Bxe2 14. Qxe2 Qc6
15. Qf3 Rc8 16. Rhg1 g6 17. Rg2 b5 18. Nd5 Nxd5 19. Rxd5 Qc4 20. Kb1 f5 21.
fxe5 fxe4 22. Qd1 O-O 23. b3 Qc3 24. Bh6 Rf5 25. Rg3 Qc6 26. Re3 dxe5 27. Rxe4
Rf2 28. c4 Qf6 29. Rdxe5 Rf1 30. Re1 Rxe1 31. Qxe1 Bf8 32. Re8 Qf7 33. Rxc8
Qf5+ 34. Kb2 Qxc8 35. Bxf8 Qxf8 36. Qe6+ Qf7 37. Qc8+ Kg7 38. Qxa6 Qf2+ 39. Ka3
Qc5+ 40. Kb2 b4 41. Qb7+ Kh6 1-0

[Event "4NCL/Div3/NLIB1 vs. FCA"]
[Site "West Bromwich ENG"]
[Date "2004.03.27"]
[Round "5.1"]
[White "Williams, Leighton"]
[Black "Macdonald-Ross, Michael"]
[Result "1-0"]
[WhiteElo "2362"]
[BlackElo "2215"]
[PlyCount "45"]
[EventDate "2004.03.27"]

1. e4 d6 2. d4 Nf6 3. Nc3 c6 4. h3 Nbd7 5. g4 e5 6. Nge2 Be7 7. Bg2 h5 8. g5
Nh7 9. h4 Nhf8 10. d5 Nb6 11. Ng3 g6 12. O-O f6 13. f4 Bg4 14. Qe1 fxg5 15.
fxg5 Nfd7 16. a4 a5 17. Nd1 Nc5 18. b3 Nbd7 19. Ne3 Qc7 20. Bd2 Bd8 21. Nh1 Nb8
22. Nc4 Bc8 23. Qf2 1-0

[Event "4NCL/Div3/NLIB1 vs. FCA"]
[Site "West Bromwich ENG"]
[Date "2004.03.27"]
[Round "5.2"]
[White "Freeman, Richard C P"]
[Black "Borg, Andrew"]
[Result "0-1"]
[WhiteElo "2139"]
[BlackElo "2123"]
[PlyCount "120"]
[EventDate "2004.03.27"]

1. e4 c5 2. Nc3 Nc6 3. f4 g6 4. Nf3 Bg7 5. Bb5 Nd4 6. Bd3 d6 7. Nxd4 cxd4 8.
Ne2 Qb6 9. c3 dxc3 10. dxc3 Nf6 11. Ng3 O-O 12. Qe2 Nd7 13. Be3 Qc7 14. O-O Nc5
15. f5 Nxd3 16. Qxd3 b6 17. Kh1 Bb7 18. Rf4 Rad8 19. Rh4 d5 20. Bf4 dxe4 21.
Qe3 Qd7 22. Rf1 Qd3 23. Qc1 h5 24. Bh6 Bxh6 25. Qxh6 Qd2 26. Rhf4 e3 27. Rg1 e2
28. Nxh5 Bxg2+ 29. Kxg2 e1=Q+ 30. Kh3 Rd3+ 31. Rg3 Rxg3+ 32. Nxg3 Qxf4 33. Qxf4
Kg7 34. Nh5+ Kg8 35. Ng3 Qd1 36. Qg5 Qd3 37. Qxe7 Qd8 38. Qxa7 Kg7 39. f6+ Qxf6
40. Qd7 Rh8+ 41. Kg2 Qe6 42. Qd4+ f6 43. Kg1 Re8 44. Kg2 Qc6+ 45. Kf2 Ra8 46.
a3 Ra4 47. Qd8 Rf4+ 48. Kg1 Qc5+ 49. Kh1 Qe3 50. Qd7+ Kh6 51. Qh3+ Kg5 52. Qd7
Qc1+ 53. Kg2 Qxb2+ 54. Kh1 Rh4 55. Qd5+ Kh6 56. Nf1 Qxc3 57. Qd6 Qf3+ 58. Kg1
Qg4+ 59. Kh1 Qe4+ 60. Kg1 Qd4+ 0-1

[Event "4NCL/Div3/NLIB1 vs. FCA"]
[Site "West Bromwich ENG"]
[Date "2004.03.27"]
[Round "5.3"]
[White "Thomas, Joseff"]
[Black "Smith, Graham M"]
[Result "0-1"]
[WhiteElo "2099"]
[BlackElo "2165"]
[PlyCount "134"]
[EventDate "2004.03.27"]

1. e4 d6 2. d4 Nf6 3. Nc3 g6 4. Nf3 Bg7 5. Be3 O-O 6. Qd2 Ng4 7. O-O-O Nxe3 8.
Qxe3 Bg4 9. Be2 Nd7 10. h3 Bxf3 11. Bxf3 c5 12. Ne2 Qa5 13. Kb1 cxd4 14. Nxd4
Ne5 15. Be2 Rfc8 16. Qb3 a6 17. f4 Nc6 18. Nf3 Qc5 19. Qc4 Qe3 20. Rhe1 Qxf4
21. Qb3 b5 22. Rf1 e6 23. Nd4 Nxd4 24. Rxf4 Nxb3 25. axb3 Rc6 26. Rdf1 Ra7 27.
Bd3 Be5 28. R4f3 Kg7 29. g4 f6 30. R1f2 Ra8 31. h4 h6 32. Rf1 Rcc8 33. Be2 Rab8
34. R1f2 g5 35. hxg5 hxg5 36. Rh3 Rh8 37. Rff3 Rh4 38. Rd3 Rbh8 39. Rxh4 gxh4
40. Rh3 Bg3 41. Bf1 Kg6 42. Rh1 Kg5 43. Bh3 Kf4 44. Rf1+ Ke5 45. c3 Rh6 46. Kc2
Kxe4 47. Ra1 Kf3 48. Rxa6 Be5 49. Ra1 Kg3 50. Rh1 Rh8 51. b4 Bf4 52. Kd3 d5 53.
g5 f5 54. g6 Rg8 55. Ke2 Bg5 56. Bf1 Rxg6 57. Rh3+ Kg4 58. Kf2 Bc1 59. b3 f4
60. Kg2 e5 61. Bxb5 e4 62. Bd7+ Kh5+ 63. Kf2 Rg3 64. b5 Be3+ 65. Ke2 Rg2+ 66.
Kd1 f3 67. Rh1 Rd2+ 0-1

[Event "4NCL/Div3/NLIB1 vs. FCA"]
[Site "West Bromwich ENG"]
[Date "2004.03.27"]
[Round "5.4"]
[White "Valentine, Brian J"]
[Black "Rees, Ioan"]
[Result "1-0"]
[WhiteElo "2063"]
[BlackElo "2179"]
[PlyCount "43"]
[EventDate "2004.03.27"]

1. e4 c5 2. Ne2 Nc6 3. Nbc3 e6 4. d4 cxd4 5. Nxd4 Nf6 6. Ndb5 Bb4 7. Bf4 Nxe4
8. Qf3 d5 9. O-O-O Bxc3 10. Nc7+ Kf8 11. bxc3 e5 12. Nxd5 Ng5 13. Qe3 exf4 14.
Qc5+ Ke8 15. Bb5 Ne6 16. Rhe1 f6 17. Nxf4 Qe7 18. Nxe6 Bxe6 19. Rd6 Kf7 20. Bc4
Nd8 21. Qd4 Rc8 22. Rd7 1-0

[Event "4NCL/Div3/NLIB1 vs. FCA"]
[Site "West Bromwich ENG"]
[Date "2004.03.27"]
[Round "5.5"]
[White "Fish, Andrew"]
[Black "Williamson, Kevin J"]
[Result "1-0"]
[WhiteElo "2109"]
[BlackElo "2069"]
[PlyCount "77"]
[EventDate "2004.03.27"]

1. e4 e5 2. d4 d6 3. Nf3 exd4 4. Nxd4 g6 5. Nc3 Bg7 6. Be3 Nf6 7. Qd2 O-O 8.
O-O-O Nc6 9. Be2 Nxd4 10. Bxd4 Be6 11. h4 c5 12. Be3 Qa5 13. a3 b5 14. Bf3 b4
15. Nb1 Rab8 16. h5 c4 17. axb4 Nxe4 18. Bxe4 Bxb2+ 19. Kxb2 c3+ 20. Qxc3 Rxb4+
21. Kc1 Rxb1+ 22. Kd2 Rxd1+ 23. Rxd1 Qxh5 24. Qf6 Qa5+ 25. c3 Qa2+ 26. Ke1 Bc4
27. Bd3 Bxd3 28. Rxd3 Rb8 29. Rxd6 Rb1+ 30. Rd1 Rxd1+ 31. Kxd1 Qb1+ 32. Ke2
Qb5+ 33. Kf3 h5 34. Kg3 Qb8+ 35. Bf4 Qc8 36. f3 Qe6 37. Be5 Kf8 38. Qd8+ Qe8
39. Bd6+ 1-0

[Event "4NCL/Div3/NLIB1 vs. FCA"]
[Site "West Bromwich ENG"]
[Date "2004.03.27"]
[Round "5.6"]
[White "Elwin, Adrian G"]
[Black "Morris, Gareth"]
[Result "0-1"]
[WhiteElo "2066"]
[BlackElo "2137"]
[PlyCount "122"]
[EventDate "2004.03.27"]

1. Nf3 Nf6 2. c4 d6 3. d4 Nbd7 4. Nc3 e5 5. Bg5 Be7 6. e3 c6 7. dxe5 dxe5 8. a3
Qc7 9. Be2 O-O 10. O-O a5 11. Qc2 Re8 12. Rab1 Nf8 13. b4 axb4 14. axb4 Ng6 15.
Rfd1 h6 16. Bxf6 Bxf6 17. Ne4 Be7 18. c5 Be6 19. Bc4 Bxc4 20. Qxc4 Red8 21. g3
Rd7 22. Qb3 Rad8 23. Nfd2 b5 24. h4 Rd3 25. Qc2 Ra3 26. Nb3 f5 27. Nc3 e4 28.
Nd4 Qc8 29. Qb2 Ra8 30. Nce2 Bf6 31. Qb3+ Kh7 32. Qe6 Bxd4 33. Qxc8 Raxc8 34.
Nxd4 Rd5 35. Ra1 Ne5 36. Kg2 Nd3 37. Rdb1 g5 38. hxg5 hxg5 39. Ra7+ Kg6 40. Rh1
f4 41. Rah7 f3+ 42. Kg1 Rxd4 43. g4 Kf6 44. exd4 Ke6 45. Rg7 Kd5 46. Rxg5+ Kxd4
47. Rh6 Nxb4 48. Rf5 Nd5 49. g5 b4 50. Rf7 Rg8 51. g6 Kxc5 52. g7 b3 53. Rh8 b2
54. Rxg8 b1=Q+ 55. Kh2 Qf1 56. Kg3 Qg2+ 57. Kh4 Qxf2+ 58. Kg5 Qg3+ 59. Kf5 f2
60. Ke6 Qd6+ 61. Kf5 f1=Q+ 0-1

[Event "4NCL/Div3/NLIB1 vs. FCA"]
[Site "West Bromwich ENG"]
[Date "2004.03.27"]
[Round "5.7"]
[White "Young, Alan"]
[Black "Kendall, Paul S W"]
[Result "1/2-1/2"]
[WhiteElo "2027"]
[BlackElo "1944"]
[PlyCount "97"]
[EventDate "2004.03.27"]

1. e4 e5 2. Nf3 Nc6 3. Bb5 a6 4. Ba4 Nf6 5. d4 exd4 6. O-O Be7 7. Re1 O-O 8. e5
Ne8 9. Bf4 b5 10. Bb3 Na5 11. Nxd4 d5 12. Bd2 Nxb3 13. axb3 Bd7 14. Nc3 c5 15.
Nxd5 Bh4 16. Nf3 Bc6 17. Ba5 Bxf2+ 18. Kxf2 Qxd5 19. Qxd5 Bxd5 20. Bb6 Rc8 21.
Red1 Be6 22. Rxa6 Rc6 23. Rda1 Bc8 24. Ra8 Bb7 25. Rb8 Rxb6 26. Ra7 Nd6 27.
Rxf8+ Kxf8 28. exd6 Bxf3 29. Kxf3 Rxd6 30. Rb7 b4 31. Rc7 Rd5 32. g3 h5 33. h4
g6 34. Ke3 Kg7 35. c3 bxc3 36. bxc3 Kf6 37. Ke4 Rf5 38. Rd7 Ke6 39. Rd2 Rf1 40.
Rb2 f5+ 41. Ke3 Rc1 42. Kd3 Rg1 43. Re2+ Kd6 44. Re3 Rf1 45. b4 f4 46. gxf4
cxb4 47. cxb4 Rxf4 48. Re4 Rf5 49. Kc4 1/2-1/2